000 00410nam a2200181Ia 4500
003 0100
008 130303s9999 xx 000 0 und d
040 _cARRUPELIB
050 _aB829.5.P4514
245 _aPhenomenology and Existentialism
260 _aNew York
260 _bHarper & Row
260 _C1972
300 _a530p.
300 _b 22cm
700 _aSolomon, Robert C (ed.)
942 0 0 _02
999 _c31998
_d31998